00633nam a2200217Ia 4500003000400000005001700004008004100021020002400062040000700086041000800093082001600101100002700117245003000144260002000174300000900194650002200203700002700225942001300252999001900265952013100284OSt20251205161059.0250729s2005 xx 000 0 und d a ‎ 978-8171417285 cAL aeng a370.78 SHAR aSharma Vimlesh9225913 aResidual sighted children aNew Delhic2005 a118p aEducation9225914 aRao Digumurthi9225915 2ddccBED c237117d237117 00104070aALbALd2025-07-29eSita Book Houseg155.00l0o370.78 SHARpBED02436r2025-07-29 16:55:24v155.00w2025-07-29yBK